[Event "COL-ch U14"]
[Site "Bogota"]
[Date "2014.05.29"]
[Round "1"]
[White "Cardona, Juan Ricardo"]
[Black "Rengifo Jaramillo, David"]
[Result "1/2-1/2"]
[WhiteElo "1843"]
[BlackElo "1753"]
[PlyCount "108"]
[EventDate "2014.05.29"]
[EventType "swiss"]
[EventRounds "7"]
[EventCountry "COL"]
[SourceTitle "CBM 160 Extra"]
[Source "ChessBase"]
[SourceDate "2014.07.01"]
[SourceVersion "1"]
[SourceVersionDate "2014.07.01"]
[SourceQuality "1"]

1. e4 c5 2. Nf3 d6 3. d4 cxd4 4. Nxd4 Nf6 5. Nc3 g6 6. Be3 Bg7 7. f3 0-0 8. Qd2 Nc6 9. Bc4 Bd7 10. 0-0-0 Ne5 11. Bb3 Qa5 12. Kb1 Rfc8 13. g4 Nc4 14. Bxc4 Rxc4 15. Nd5 Qxd2 16. Nxf6+ Bxf6 17. Rxd2 Rac8 18. Ne2 b6 19. c3 R4c7 20. Nf4 Bc6 21. Nd5 Bxd5 22. Rxd5 Rc6 23. Rhd1 Bg7 24. Bg5 f6 25. Bh4 Kf7 26. Bg3 Bf8 27. R5d4 e5 28. Rd5 g5 29. Kc2 Ke6 30. a4 Be7 31. a5 Bd8 32. Bf2 a6 33. axb6 Bxb6 34. Bxb6 Rxb6 35. Ra1 Rc5 36. Rxc5 dxc5 37. Rd1 Rd6 38. Ra1 Rb6 39. Rd1 Rd6 40. Rxd6+ Kxd6 41. Kb3 Kc6 42. Kc4 Kd6 43. b3 Kc6 44. b4 cxb4 45. cxb4 Kd6 46. b5 axb5+ 47. Kxb5 Kd7 48. Kb6 Kd6 49. Kb5 Kd7 50. Kc5 Kc7 51. Kd5 Kd7 52. h3 h6 53. Kc4 Kc6 54. Kb4 Kb6 1/2-1/2

[Event "Departamental Tercera Antioquia"]
[Site "Medellin"]
[Date "2014.02.24"]
[Round "1.6"]
[White "Cardona, Juan Ricardo"]
[Black "Mosquera, Luis Angel"]
[Result "0-1"]
[WhiteElo "1704"]
[BlackElo "1718"]
[PlyCount "33"]
[EventDate "2014.02.24"]
[EventType "swiss"]
[EventRounds "7"]
[EventCountry "COL"]
[SourceTitle "EXT 2024"]
[Source "ChessBase"]
[SourceDate "2023.10.10"]
[SourceVersion "1"]
[SourceVersionDate "2023.10.10"]
[SourceQuality "1"]

1. e4 e5 2. Nf3 Nc6 3. Bb5 Nf6 4. 0-0 Be7 5. Re1 d6 6. d4 exd4 7. Nxd4 Bd7 8. c3 0-0 9. Nd2 Re8 10. Nxc6 bxc6 11. Bd3 Ng4 12. Nf3 Bf6 13. h3 Ne5 14. Nxe5 Bxe5 15. f4 Bf6 16. g4 g5 17. f5 0-1

[Event "COL-ch sf"]
[Site "Medellin"]
[Date "2014.??.??"]
[Round "6"]
[White "Cardona, Juan Ricardo"]
[Black "Alvarez Angel, Nelson Eduardo"]
[Result "1-0"]
[WhiteElo "1733"]
[BlackElo "1681"]
[PlyCount "69"]
[EventDate "2014.04.15"]
[EventType "swiss"]
[EventRounds "11"]
[EventCountry "COL"]
[SourceTitle "CBM 160 Extra"]
[Source "ChessBase"]
[SourceDate "2014.07.01"]
[SourceVersion "1"]
[SourceVersionDate "2014.07.01"]
[SourceQuality "1"]

1. e4 e5 2. Nf3 Nc6 3. Bb5 a6 4. Ba4 Bc5 5. 0-0 d6 6. c3 b5 7. Bc2 Bg4 8. h3 Bh5 9. Re1 Nge7 10. d3 0-0 11. Nbd2 Bxf3 12. Nxf3 f5 13. Bb3+ Kh8 14. Ng5 fxe4 15. d4 exd4 16. Qh5 h6 17. Rxe4 Qe8 18. Nf7+ Rxf7 19. Bxf7 Qf8 20. cxd4 Bxd4 21. Be3 Bxb2 22. Re1 Bc3 23. Rc1 Bf6 24. g4 g5 25. h4 Ne5 26. hxg5 Nf3+ 27. Kg2 Nxg5 28. Bxg5 Bxg5 29. f4 Bf6 30. g5 Bg7 31. Rxc7 Ng8 32. Bxg8 Qxg8 33. gxh6 Bxh6+ 34. Kh1 Qf8 35. Rf7 1-0

[Event "COL-ch sf"]
[Site "Medellin"]
[Date "2014.??.??"]
[Round "4"]
[White "Cardona, Juan Ricardo"]
[Black "Toro Castaneda, Miguel Angel"]
[Result "0-1"]
[WhiteElo "1733"]
[BlackElo "1345"]
[PlyCount "40"]
[EventDate "2014.04.15"]
[EventType "swiss"]
[EventRounds "11"]
[EventCountry "COL"]
[SourceTitle "CBM 160 Extra"]
[Source "ChessBase"]
[SourceDate "2014.07.01"]
[SourceVersion "1"]
[SourceVersionDate "2014.07.01"]
[SourceQuality "1"]

1. e4 e5 2. Nf3 Nc6 3. Bb5 d6 4. d4 exd4 5. Qxd4 Bd7 6. Bxc6 Bxc6 7. Nc3 Nf6 8. Bg5 Be7 9. 0-0-0 0-0 10. Rhe1 Nd7 11. Bxe7 Qxe7 12. e5 Bxf3 13. gxf3 Rfe8 14. exd6 Qxe1 15. Rxe1 Rxe1+ 16. Kd2 Re6 17. dxc7 Nb6 18. Nb5 h6 19. Nd6 Rxd6 20. Qxd6 Nc4+ 0-1

[Event "COL-ch sf"]
[Site "Medellin"]
[Date "2014.??.??"]
[Round "11"]
[White "Paniagua, Fabio de Jesus"]
[Black "Cardona, Juan Ricardo"]
[Result "1/2-1/2"]
[WhiteElo "1854"]
[BlackElo "1733"]
[PlyCount "165"]
[EventDate "2014.04.15"]
[EventType "swiss"]
[EventRounds "11"]
[EventCountry "COL"]
[SourceTitle "CBM 160 Extra"]
[Source "ChessBase"]
[SourceDate "2014.07.01"]
[SourceVersion "1"]
[SourceVersionDate "2014.07.01"]
[SourceQuality "1"]

1. e4 c6 2. d4 d5 3. Nd2 dxe4 4. Nxe4 Nd7 5. Bc4 Ngf6 6. Ng5 e6 7. Ne2 Nb6 8. Bb3 h6 9. Nf3 c5 10. c3 cxd4 11. Qxd4 Qxd4 12. Nexd4 Bd7 13. Ne5 Bd6 14. Nxd7 Nbxd7 15. 0-0 0-0 16. Rd1 Nc5 17. Bc2 Be7 18. h3 Rfd8 19. Bf4 Nd5 20. Bg3 a6 21. Rd2 Nf6 22. Re2 Bd6 23. Be5 Bxe5 24. Rxe5 Rd5 25. Rxd5 Nxd5 26. Kf1 Nb6 27. a4 Rd8 28. b4 Ncd7 29. Be4 Nd5 30. Bxd5 exd5 31. Rd1 Rc8 32. Ne2 Nf6 33. Rd3 Rc4 34. a5 Kf8 35. Ke1 Ke7 36. f3 Kd6 37. Nd4 g6 38. Nb3 Nh5 39. Kf1 Nf4 40. Re3 Ne6 41. Nd2 Rc7 42. Nb3 Rc4 43. Nd2 Rc7 44. Nb3 d4 45. cxd4 Rc4 46. b5 Nxd4 47. bxa6 bxa6 48. Kf2 Rc2+ 49. Kg1 Nxb3 50. Rxb3 Kc7 51. Kh2 Ra2 52. Rb6 Rxa5 53. Rf6 Kb8 54. Rxf7 Rf5 55. Re7 Rf6 56. Kg3 a5 57. Kg4 a4 58. h4 a3 59. Re2 Ra6 60. Ra2 Kc7 61. f4 Kd6 62. h5 gxh5+ 63. Kxh5 Kd5 64. g4 Kc4 65. g5 hxg5 66. fxg5 Kb3 67. Rg2 a2 68. Rxa2 Rxa2 69. g6 Rg2 70. Kh6 Kc4 71. Kh7 Rh2+ 72. Kg8 Kd5 73. Kf7 Rf2+ 74. Ke7 Re2+ 75. Kf7 Rf2+ 76. Ke7 Rg2 77. Kf7 Kd6 78. g7 Kd7 79. g8Q Rf2+ 80. Kg7 Rg2+ 81. Kh8 Rh2+ 82. Qh7+ Rxh7+ 83. Kxh7 1/2-1/2

[Event "Antioquia Region-ch U16"]
[Site "Medellin"]
[Date "2013.04.??"]
[Round "2.5"]
[White "Cardona, Juan Ricardo"]
[Black "Blandon, Luis Guillermo"]
[Result "0-1"]
[WhiteElo "1555"]
[BlackElo "1978"]
[PlyCount "49"]
[EventDate "2013.04.18"]
[EventType "swiss"]
[EventRounds "5"]
[EventCountry "COL"]
[SourceTitle "EXT 2024"]
[Source "ChessBase"]
[SourceDate "2023.10.10"]
[SourceVersion "1"]
[SourceVersionDate "2023.10.10"]
[SourceQuality "1"]

1. f4 d5 2. Nf3 g6 3. g3 Bg7 4. Bg2 Nc6 5. 0-0 Bf5 6. d3 Qd7 7. Re1 Nf6 8. Nbd2 0-0-0 9. c4 e6 10. c5 e5 11. Nxe5 Nxe5 12. fxe5 Ng4 13. Nf3 Nxe5 14. Nxe5 Bxe5 15. d4 Bf6 16. a4 h5 17. a5 a6 18. Be3 h4 19. Bf2 Rh7 20. Ra3 Rdh8 21. Qd2 Rh5 22. Bf3 Bg5 23. Qb4 Be4 24. Rb3 Qc6 25. Bxh5 0-1

[Event "Antioquia Region-ch U16"]
[Site "Medellin"]
[Date "2013.04.??"]
[Round "4.5"]
[White "Cardona, Juan Ricardo"]
[Black "Villa, Julian Dario"]
[Result "1-0"]
[WhiteElo "1555"]
[BlackElo "1442"]
[PlyCount "61"]
[EventDate "2013.04.18"]
[EventType "swiss"]
[EventRounds "5"]
[EventCountry "COL"]
[SourceTitle "EXT 2024"]
[Source "ChessBase"]
[SourceDate "2023.10.10"]
[SourceVersion "1"]
[SourceVersionDate "2023.10.10"]
[SourceQuality "1"]

1. e4 d5 2. exd5 Qxd5 3. Nc3 Qa5 4. Bc4 Nc6 5. d4 Nf6 6. Nge2 Bf5 7. Be3 0-0-0 8. a3 Bg6 9. b4 Qf5 10. Rc1 Ne5 11. Ng3 Qg4 12. Qxg4+ Nexg4 13. h3 Nxe3 14. fxe3 e6 15. Na4 Bd6 16. Ne2 Be4 17. 0-0 h5 18. Nec3 Bf5 19. Bd3 Bxd3 20. cxd3 Rh6 21. e4 Nd7 22. Nb5 Bg3 23. Rxf7 g5 24. Nc5 Nxc5 25. Rxc5 Kb8 26. Rxg5 Bh4 27. Rgg7 Rf6 28. Rxc7 Rdf8 29. Rxb7+ Kc8 30. Nxa7+ Kd8 31. Rb8# 1-0